Historia general de Francia desde la más remota antig edad hasta nuestros días (Record no. 161105)

MARC details
000 -LEADER
campo de control de longitud fija 00996nam a2200217 i 4500
001 - NÚMERO DE CONTROL
campo de control 161105
003 - IDENTIFICADOR DE NÚMERO DE CONTROL
campo de control ES-MaACL
005 - FECHA Y HORA DE LA ÚLTIMA TRANSACCIÓN
campo de control 20250808063155.0
008 - DATOS DE LONGITUD FIJA--INFORMACIÓN GENERAL
campo de control de longitud fija 960809q19011950sp a |||| | spa d
040 ## - FUENTE DE CATALOGACIÓN
Centro catalogador/agencia de origen CLM
Lengua de catalogación spa
Centro/agencia transcriptor CLM
100 1# - ENTRADA PRINCIPAL--NOMBRE DE PERSONA
Nombre de persona Ortiz de la Puebla, Vicente.
9 (RLIN) 87594
245 10 - MENCIÓN DEL TÍTULO
Título Historia general de Francia desde la más remota antig edad hasta nuestros días
Resto del título : tomo primero /
Mención de responsabilidad, etc. redactada ... por Vicente Ortiz de la Puebla ; adórnanla unos 2000 dibujos ... debidos al lápiz de eminentes artistas como Dore ...
260 ## - PUBLICACIÓN, DISTRIBUCIÓN, ETC.
Lugar de publicación, distribución, etc. Barcelona :
Nombre del editor, distribuidor, etc. Empresa editorial "La Enciclopedia Ilustrada",
Fecha de publicación, distribución, etc. [s.a] (
Fabricante Imp. de Luis Tasso)
300 ## - DESCRIPCIÓN FÍSICA
Extensión 1 v. :
Otras características físicas il. ;
Dimensiones 27 cm.
505 8# - NOTA DE CONTENIDO CON FORMATO
Nota de contenido con formato Contiene: T.I.- p. 9-591 ; T.II.- p.1-152
596 ## - NOTA AL PIE DE IMPRENTA
NOTA AL PIE DE IMPRENTA Fecha de cabecera deducida de la tipografía.
651 #4 - PUNTO DE ACCESO ADICIONAL DE MATERIA--NOMBRE GEOGRÁFICO
Nombre geográfico Francia-
Subdivisión general Historia
9 (RLIN) 8679
700 0# - ENTRADA AGREGADA--NOMBRE PERSONAL
Nombre de persona Doré, Gustave.
9 (RLIN) 45388
852 ## - LOCALIZACIÓN
Ubicación ES-MaACL
Número de control de estantería C-2020
Nota libre -- Enc. hol.
-- -- Legado M. de la Fuente
condición física -- Sólo t.I
Holdings
Estatus retirado Estado de pérdida Estado de daño No para préstamo Biblioteca de origen Biblioteca actual Ubicación en estantería Fecha de adquisición Fuente de adquisición Total de préstamos Signatura topográfica completa Código de barras Visto por última vez Precio de reemplazo Tipo de ítem Koha
        Biblioteca del Ateneo de Madrid Biblioteca del Ateneo de Madrid Sala Palomar 17/01/2008     C-2020 1168743 23/02/2023 23/02/2023 Libro impreso